000
00183nam a22000977a 4500
082
_a
823
_b
JOH/T
100
_a
JOHN, MELNESS
245
_a
TOY BOX
650
_a
ENGLISH STORY
942
_c
BK
999
_c
7747
_d
7747